| 000 | 00459nam a2200193Ia 4500 | ||
|---|---|---|---|
| 008 | 170918s9999 xx 000 0 und d | ||
| 020 | _a9780140566511 | ||
| 050 | _bB455 1953 | ||
| 100 | _aBemelmans, Ludwig | ||
| 245 | _aMadeline's rescue / | ||
| 245 | _cby Ludwig Bemelmans. | ||
| 260 | _aNew York : | ||
| 260 | _bPuffin Books, | ||
| 260 | _c1953 | ||
| 300 | _a56 pages : | ||
| 300 | _bcolored illustration ; | ||
| 300 | _c30cm. | ||
| 500 | _a460 | ||
| 999 |
_c343045 _d343045 |
||